000 00495nam a2200169 i 4500
001 27312
003 ES-MaACL
005 20240605062959.0
007 t|
008 030114s1970 sp ||||1| spa d
100 1 _aAranguren, José Luis L.,
_d1909-1996
_922315
245 1 3 _aEl cristianismo de Dostoievski /
_cJosé Luis L. Aranguren.
260 _a[Madrid :
_bTaurus,
_c1970]
300 _a102 p. ;
_c18 cm.
852 _aES-MaACL
_jC-45354
_bR.76290
999 _c27312
_d27312